000 00354 a2200157 4500
001 62606
020 _a978859039137
040 _cAnchieta - Pituba
100 _aVasconcellos, Djalma
240 1 0 _aAvalanches e travessias
_lpor
245 1 0 _aAvalanches e travessias
300 _a107
362 0 _a2012
650 4 _aFicção brasileira
942 _cBK
999 _c62606
_d62606